000 01711nam a2200481 i 4500
001 54991
003 KOSZ 005
005 20230113084028.0
008 070921s2007 pl a f |000 0 pol
015 _aUWD 2007/20853
020 _a9788372282071
035 _a991036284979705066
035 _a(PL-WaBN)b19748103-48omnis_nlop
035 _ab19748103
035 _a(OCoLC)749197463
035 _a(PL)b0000001974810
035 _a(EXLNZ-48OMNIS_NETWORK)9910433483905606
040 _aWA N
_cWA N
046 _k2007
080 _a657.41/.45
080 _a(07)
100 1 _aMessner, Zbigniew
_d(1929-2014)
_eAutor
245 1 0 _aRachunkowość finansowa.
_nCz. 1,
_p(Podstawy rachunkowości) /
_cZbigniew Messner, Józef Pfaff.
260 _aWarszawa :
_bStowarzyszenie Księgowych w Polsce. Zarząd Główny,
_c[2007].
300 _a387 s. :
_bil. ;
_c24 cm.
336 _aTekst
_btxt
_2rdacontent
337 _aBez urządzenia pośredniczącego
_bn
_2rdamedia
338 _aWolumin
_bnc
_2rdacarrier
380 _aKsiążki
380 _aPublikacje fachowe
388 _a2001-
504 _aBibliogr. s. 384.
521 8 _aDla kandydatów na biegłych rewidentów oraz na inne formy szkolenia w zakresie rachunkowości.
650 7 _aFinanse przedsiębiorstwa
_2DBN
650 7 _aRachunkowość
_2DBN
655 7 _aPodręcznik
_2DBN
658 _aGospodarka, ekonomia, finanse
700 1 _aPfaff, Józef
_eAutor
710 _aZarząd Główny (Stowarzyszenie Księgowych w Polsce)
856 _uhttp://koha.tu.koszalin.pl/cgi-bin/koha/opac-detail.pl?biblionumber=54991
_yKatalog online BPK
942 _2UKD
_cKS
999 _c54991
_d54991